| 000 | 02137nam a2200385 a 4500 | ||
|---|---|---|---|
| 003 | Mxchpua | ||
| 005 | 20240527182927.0 | ||
| 007 | ta | ||
| 008 | 240527s2023 mx abdofs|||| 001 0 spa d | ||
| 040 | _amxchpua | ||
| 090 |
_aT.C.907 _bY35 IA _c2023 |
||
| 245 | 1 | 0 |
_aRevisión bibliográfica de cuatro sistemas – producto y estudio de empresas agroindustriales en los estados de Tlaxcala, Puebla, Veracruz y Tabasco / _ccoordinadora Ma. Carmen Ybarra Moncada ; colaboradores Guadalupe Lizbeth Alarcón Beltrán...[y otros] |
| 260 |
_aMéxico : _bEl autor, _c2023 |
||
| 300 |
_a1 recurso en línea (313 páginas) : _bilustraciones, mapas, gráficas, diagramas, tablas, fotos |
||
| 336 |
_2rdacontent _atexto _btxt |
||
| 337 |
_2rdamedia _acomputadora _bc |
||
| 338 |
_2rdacarrier _arecurso en línea _bcr |
||
| 500 | _aGrado 4° Grupo 3 -- Directorio: páginas 278-279 | ||
| 502 |
_aViaje de Estudios _b(IA) -- _cUACh. Departamento de Ingeniería Agroindustrial, _d2023 |
||
| 504 | _aBibliografía: páginas 272-277 | ||
| 505 | 0 |
_aVisitas: -- _t1. Quesomex -- 2. Cuatro Volcanes -- 3. Casa Rivadeneira -- 4. Agro nopal del sureste -- 5. Mezcal Monfil -- 6. Empacadora CIANCA -- 7. Altas Cervezas -- 8. Licores Veracruz -- 9. Chocolates Don Rutilio -- 10. Chocolates Wolter -- 11. Quesos Santa Teresita -- 12. G8 -- 13. Almendra de oro -- 14. Plátanos y Tostones -- 15. Quesos Balam -- 16. Quesos Usumacinta -- 17. Quesos San Marquito |
|
| 650 | 1 | 3 |
_9148659 _aIndustria de los alimentos _zMéxico |
| 650 | 1 | 3 |
_9150527 _aProductos del café |
| 650 | 1 | 3 |
_9148013 _aAlcoholes etílicos |
| 650 | 1 | 3 |
_9154075 _aProductos derivados del maíz |
| 650 | 1 | 3 |
_9155310 _aIndustria del huevo |
| 650 | 1 | 3 |
_9148657 _aFood industry _zMexico |
| 650 | 1 | 3 |
_9155323 _aCoffee products |
| 650 | 1 | 3 |
_9148015 _aDistilled spirits |
| 650 | 1 | 3 |
_9154074 _aCorn products |
| 650 | 1 | 3 |
_9155308 _aEgg industry |
| 700 | 1 |
_9163649 _aYbarra Moncada, Ma. Carmen _ecoordinadora |
|
| 700 | 1 |
_9189132 _aAlarcón Beltrán, Guadalupe Lizbeth _ecolaboradora |
|
| 856 | 4 | 0 |
_uhttp://10.13.5.2/ve/TC907_IA/TC907_IA_2023-REPORTE.pdf _yDESCARGAR REPORTE |
| 999 |
_c219940 _d219940 |
||